<?xml version="1.0" encoding="UTF-8"?>
<record
    xmlns:xsi="http://www.w3.org/2001/XMLSchema-instance"
    xsi:schemaLocation="http://www.loc.gov/MARC21/slim http://www.loc.gov/standards/marcxml/schema/MARC21slim.xsd"
    xmlns="http://www.loc.gov/MARC21/slim">

  <leader>00856nab a2200241 uc4500</leader>
  <controlfield tag="001">584789</controlfield>
  <controlfield tag="005">20240704085718.0</controlfield>
  <controlfield tag="008">000318e19990701                    spa  </controlfield>
  <datafield tag="035" ind1=" " ind2=" ">
    <subfield code="a">584789</subfield>
  </datafield>
  <datafield tag="035" ind1=" " ind2=" ">
    <subfield code="a">(OCoLC)819824216</subfield>
  </datafield>
  <datafield tag="040" ind1=" " ind2=" ">
    <subfield code="c">comduadb</subfield>
  </datafield>
  <datafield tag="041" ind1=" " ind2=" ">
    <subfield code="a">spa</subfield>
  </datafield>
  <datafield tag="100" ind1="1" ind2="0">
    <subfield code="a">Engelking, Stephan</subfield>
    <subfield code="4">aut</subfield>
    <subfield code="e">aut</subfield>
    <subfield code="9">506763</subfield>
  </datafield>
  <datafield tag="245" ind1="1" ind2="0">
    <subfield code="a">Aplicacion de compresores semihermeticos refrigerados por gas aspirado y refrigerados por aire aspirado directamente</subfield>
  </datafield>
  <datafield tag="650" ind1=" " ind2=" ">
    <subfield code="a">Compresores</subfield>
    <subfield code="9">65589</subfield>
  </datafield>
  <datafield tag="650" ind1=" " ind2="7">
    <subfield code="a">Fricci&#xF3;n (Mec&#xE1;nica)</subfield>
    <subfield code="2">lemb</subfield>
    <subfield code="9">32253</subfield>
  </datafield>
  <datafield tag="650" ind1=" " ind2=" ">
    <subfield code="a">Refrigerantes</subfield>
    <subfield code="9">13983</subfield>
  </datafield>
  <datafield tag="650" ind1=" " ind2=" ">
    <subfield code="a">Impacto ambiental - Espa&#xF1;a</subfield>
    <subfield code="9">41885</subfield>
  </datafield>
  <datafield tag="650" ind1=" " ind2="7">
    <subfield code="a">Consumo de energ&#xED;a</subfield>
    <subfield code="2">lemb</subfield>
    <subfield code="9">162</subfield>
  </datafield>
  <datafield tag="650" ind1=" " ind2=" ">
    <subfield code="a">Potencia el&#xE9;ctrica</subfield>
    <subfield code="9">47849</subfield>
  </datafield>
  <datafield tag="773" ind1="0" ind2=" ">
    <subfield code="t">Frio, Calor, Aire Acondicionado (Madrid)</subfield>
    <subfield code="g">No. 306, Jul.-Ago. 1999, p. 19, 22-23, 26</subfield>
    <subfield code="w">95781</subfield>
    <subfield code="x">0210-0665</subfield>
    <subfield code="0">92498</subfield>
  </datafield>
  <datafield tag="942" ind1=" " ind2=" ">
    <subfield code="c">ARIMP</subfield>
  </datafield>
  <datafield tag="999" ind1=" " ind2=" ">
    <subfield code="c">143024</subfield>
    <subfield code="d">143024</subfield>
  </datafield>
</record>
